[Event "Hessen-ch"]
[Site "Baunatal"]
[Date "1999.03.25"]
[Round "1"]
[White "Alber, Horst"]
[Black "Ballo, Emanuel"]
[Result "1-0"]
[WhiteElo "2325"]
[BlackElo "2189"]

1.d4 Nf6 2.c4 e6 3.Nf3 d5 4.g3 Be7 5.Bg2 O-O 6.O-O dxc4 7.Qa4 a6 8.Qxc4 b5
9.Qc2 Bb7 10.Bg5 Nbd7 11.Rd1 Qc8 12.Nbd2 c5 13.dxc5 Qxc5 14.Rac1 Qxc2 15.Rxc2 Rac8
16.Rdc1 Rxc2 17.Rxc2 Rc8 18.Rxc8+ Bxc8 19.Nd4 h6 20.Nc6 Bc5 21.b4 Bd6 22.Bf4 e5
23.Be3 Nb8 24.Nxb8 Bxb8 25.Nb3 Be6 26.Nc5 Bxa2 27.Nxa6 Bd6 28.Bc5 Bf8 29.Bc6 Bc4
30.e4 Bxc5 31.bxc5 Kf8 32.f3 Ke7 33.Kf2 Nh7 34.Nc7 Nf8 35.Bxb5 Bxb5 36.Nxb5 Kd7
37.Nd6 f6 38.f4 exf4 39.gxf4 Ne6 40.Nf5 Nxc5 41.Nxg7 Nxe4+ 42.Kf3 Nd6 43.Kg4 Nc4
44.Kf5 Ne3+ 45.Kg6 Nd5 46.f5 Ke7 47.Nh5 Kf8 48.Ng3 Ne3 49.Ne4 Ng4 50.h3 Ne3
51.Nxf6 Ke7 52.Ng4 Nd5 53.Kxh6 Nf4 54.h4 Kf7 55.h5 Nh3 56.f6 Nf4 57.Kg5 Ne6+
58.Kf5 Nd4+ 59.Ke4 Ne6 60.Ke5 Ng5 61.Kf5 Nh7 62.Nh6+ Kf8 63.Kg6  1-0

[Event "Novgorod op"]
[Site "Novgorod"]
[Date "1999.03.26"]
[Round "8"]
[White "Iljushin, Alexei"]
[Black "Nenashev, Alexander"]
[Result "1-0"]
[WhiteElo "2484"]
[BlackElo "2616"]

1.d4 Nf6 2.c4 e6 3.Nf3 d5 4.g3 Be7 5.Bg2 O-O 6.O-O c6 7.Qc2 b6 8.Rd1 Nbd7
9.Nc3 Ba6 10.cxd5 cxd5 11.Ne5 Rc8 12.Bf4 b5 13.a3 Qb6 14.Qd2 Nxe5 15.Bxe5 Nd7
16.Bf4 b4 17.axb4 Bxb4 18.h4 Bc4 19.e3 Qb7 20.Rdc1 a5 21.Qd1 Nb6 22.h5 a4
23.Nxa4 Nxa4 24.Qxa4 Ra8 25.Qd1 Rxa1 26.Rxa1 Be7 27.Qc2 Qb5 28.Bf1 Bxf1 29.Rxf1 Ra8
30.Rc1 g5 31.hxg6 hxg6 32.Qc6 Qxc6 33.Rxc6 g5 34.Be5 g4 35.Rb6 Kf8 36.b4 Ra1+
37.Kg2 Ke8 38.Rb8+ Kd7 39.Rb7+ Ke8 40.b5 Rb1 41.Rb8+ Kd7 42.b6 Bd8 43.b7 Be7
44.Rg8 Rxb7 45.Rxg4 f6 46.Bf4 Ke8 47.Rg7 Kf8 48.Bh6 Rb2 49.g4 Ra2 50.Kg3 Ke8
51.f4 Ra1 52.g5 Rg1+ 53.Kh2 Rg4 54.gxf6 Rxg7 55.fxg7 Kf7 56.Kg3 Bf6 57.Kg4 Kg8
58.f5 e5 59.dxe5 Bxe5 60.Kh5 d4 61.e4 d3 62.Kg6  1-0

[Event "Bled op"]
[Site "Bled"]
[Date "1999.03.27"]
[Round "8"]
[White "Romanishin, Oleg M"]
[Black "Wilhelmi, Christian"]
[Result "1/2-1/2"]
[WhiteElo "2572"]
[BlackElo "2446"]

1.d4 Nf6 2.Nf3 e6 3.g3 d5 4.Bg2 Be7 5.c4 O-O 6.O-O dxc4 7.Qc2 a6 8.a4 Bd7
9.Qxc4 Bc6 10.Bg5 a5 11.Nc3 Na6 12.Bxf6 Bxf6 13.e4 Nb4 14.Rfd1 b6 15.Rac1 Bb7
16.Qe2 g6 17.Qe3 Bg7 18.Nb5 c6 19.Na3 Qb8 20.Nc4 Ba6 21.b3 Ra7 22.h4 Rd8
23.Rd2 Rad7 24.Rcd1 Qc7 25.h5 c5 26.dxc5 Rxd2 27.Rxd2 Rxd2 28.Qxd2 bxc5 29.h6 Bf8
30.Nfe5 Bb7 31.Ng4 Nc6 32.Nf6+ Kh8 33.Qc3 Nd4 34.Qxa5 Qe7 35.Qa7 Qxf6 36.Qxb7 Ne2+
37.Kh2 Qxf2 38.Qb8  1/2-1/2

[Event "Neckar op 3rd"]
[Site "Deizisau"]
[Date "1999.04.02"]
[Round "2"]
[White "Ivanov, Mir"]
[Black "Namyslo, Holger"]
[Result "1/2-1/2"]
[WhiteElo "2090"]
[BlackElo "2229"]

1.d4 e6 2.Nf3 d5 3.c4 Nf6 4.g3 Be7 5.Bg2 O-O 6.Qc2 dxc4 7.Nbd2 Nc6 8.Qxc4 Qd5
9.O-O Rd8 10.e3 Qh5 11.e4 Bd7 12.e5 Nd5 13.Ne4 h6 14.Bd2 g5 15.Be3 Qg6 16.Nc5 Na5
17.Qc1 Bb5 18.Rd1 b6 19.Nb3 Nxb3 20.axb3 a5 21.Nd2 Rac8 22.Be4 Qh5 23.Nc4 Ba6
24.f3 Bb7 25.Bf2 Kh8 26.Qd2 Rg8 27.Qe2 Rcd8 28.Rac1 Rg7 29.Rc2 Ba8 30.Rdc1 Qh3
31.Kh1 Nb4 32.Rd2 Nd5 33.Rdc2 Nb4 34.Rd2 Nd5 35.Bg1 g4 36.f4 Bb4 37.Rdc2 c5
38.dxc5 bxc5 39.Nd6 Qh5 40.Bxc5 Bxc5 41.Rxc5 Rgg8 42.Rc8 Kg7 43.Rxd8 Rxd8
44.Rc8 Rxc8 45.Nxc8 f5 46.exf6+ Kxf6 47.Qd2 Qe8 48.Nd6 Qe7 49.Nc4 Qc5 50.f5 exf5
51.Qxh6+ Ke7 52.Qg5+ Ke8 53.Qxf5 Qd4 54.Qe5+ Qxe5 55.Nxe5 Ke7 56.Nxg4 Kd6
57.h4 Bc6 58.Kh2 Bd7 59.Nf2 Ne3 60.Bf3 Be6 61.g4 Bxb3 62.g5 Ke5 63.Nd3+ Kf5
64.Kg3 Nf1+ 65.Kf2 Nd2 66.Be2 Ne4+ 67.Ke3 Ng3 68.Bf3 Bc4 69.Bc6 Nf1+ 70.Kd4 Bg8
71.Bd7+ Kg6 72.Kc5 Kh5 73.Kb5 Kxh4 74.Kxa5 Kxg5 75.b4 Nd2 76.Bb5 Kf6 77.Nc5 Ke5
78.Ba6 Kd5 79.Na4 Nc4+ 80.Bxc4+ Kxc4 81.Nb6+ Kd4 82.Nd7 Bc4 83.Nc5 Kd5  1/2-1/2

[Event "Dreifluesse op 7th"]
[Site "Passau"]
[Date "1999.04.03"]
[Round "3"]
[White "Perman, Torvald"]
[Black "Weisker, Michael"]
[Result "1/2-1/2"]
[WhiteElo "2120"]
[BlackElo "1805"]

1.c4 e6 2.g3 d5 3.Bg2 Nf6 4.Nf3 Be7 5.d4 O-O 6.Qc2 Nbd7 7.O-O c6 8.Nbd2 b6
9.e4 Bb7 10.e5 Ne8 11.Re1 Nc7 12.cxd5 exd5 13.Nb3 Ne6 14.Be3 c5 15.dxc5 bxc5
16.Rad1 Qc7 17.Bc1 a5 18.Nbd2 Rac8 19.Nf1 d4 20.h4 h6 21.N1h2 Rfd8 22.Qf5 Bf8
23.h5 Nb6 24.Ng4 Nd5 25.Nh4 Ne7 26.Qc2 Bxg2 27.Kxg2 c4 28.Bxh6 d3 29.Qd2 Qc6+
30.Kg1 gxh6 31.Nxh6+ Bxh6 32.Qxh6 Rd4 33.Qe3 Rxh4 34.gxh4 Nf5 35.Qe4 Ned4
36.Qxc6 Rxc6 37.Kg2 Nxh4+ 38.Kh3 Nhf3 39.Re3 Re6 40.Kg3 Nxe5  1/2-1/2

[Event "Dreifluesse op 7th"]
[Site "Passau"]
[Date "1999.04.03"]
[Round "4"]
[White "Adamski, Jan"]
[Black "Hamm, Stefan"]
[Result "1-0"]
[WhiteElo "2403"]
[BlackElo "2245"]

1.c4 e6 2.g3 d5 3.Bg2 Nf6 4.Nf3 Be7 5.d4 O-O 6.Qc2 Nbd7 7.O-O c6 8.b3 b6
9.Rd1 a5 10.Bb2 Ba6 11.Nbd2 Qc8 12.e4 Rd8 13.Rac1 Qb7 14.Ne5 Rac8 15.cxd5 Nxe5
16.dxe5 cxd5 17.exf6 Rxc2 18.fxe7 Qxe7 19.Rxc2 dxe4 20.Bxe4 f5 21.Bf3 Bd3
22.Rcc1 e5 23.Re1 e4 24.Be2 e3 25.Bxd3 Rxd3 26.Nf3 Qb7 27.Ne5 Rd2 28.Rxe3 Rxb2
29.Nc4 Qc7 30.Re8+ Kf7 31.Ne5+ Kxe8 32.Rxc7 Rxa2 33.Rb7  1-0

[Event "Hampstead GM 5th"]
[Site "London"]
[Date "1999.04.11"]
[Round "5"]
[White "Ippolito, Dean"]
[Black "Gormally, Daniel"]
[Result "1/2-1/2"]
[WhiteElo "2336"]
[BlackElo "2456"]

1.d4 d5 2.c4 e6 3.Nf3 Nf6 4.g3 Be7 5.Bg2 O-O 6.O-O dxc4 7.Ne5 Nc6 8.Nxc6 bxc6
9.e3 Nd5 10.Qa4 a5 11.Rd1 Qd6 12.Qxc4 Ba6 13.Qc2 Nb4 14.Qd2 e5 15.a3 Nd3
16.Be4 Nxc1 17.Rxc1 exd4 18.exd4 Bf6 19.Rxc6 Qxd4 20.Qxd4 Bxd4 21.Nc3  1/2-1/2

[Event "ISR-chT"]
[Site "Israel"]
[Date "1999.04.16"]
[Round "8"]
[White "Birnboim, Nathan"]
[Black "Bruk, Ofer"]
[Result "1-0"]
[WhiteElo "2390"]
[BlackElo "2395"]

1.c4 e6 2.g3 d5 3.Bg2 Nf6 4.d4 Be7 5.Nf3 O-O 6.O-O dxc4 7.Qc2 a6 8.a4 Bd7
9.Qxc4 Bc6 10.Bf4 Nd5 11.Bd2 Bb5 12.Qb3 Bxe2 13.Qxb7 Bxf1 14.Qxa8 Bxg2 15.Kxg2 Qd6
16.Nc3 Nd7 17.Qa7 Nxc3 18.bxc3 Qc6 19.Rb1 Bd6 20.a5 Qc4 21.Rb2 h6 22.h3 g5
23.Rb1 Qa2 24.Rb7 f5 25.Qxa6 g4 26.hxg4 fxg4 27.Qd3 Qd5 28.Qg6+ Kh8 29.Qxh6+ Kg8
30.Qg5+  1-0

[Event "Capablanca mem Elite"]
[Site "Havana"]
[Date "1999.05.10"]
[Round "4"]
[White "Comas Fabrego, Luis"]
[Black "Nogueiras, Jesus"]
[Result "1/2-1/2"]
[WhiteElo "2541"]
[BlackElo "2540"]

1.c4 e6 2.Nf3 d5 3.d4 Nf6 4.g3 Be7 5.Bg2 O-O 6.O-O Nbd7 7.Qc2 c6 8.Nbd2 b6
9.e4 Bb7 10.e5 Ne8 11.b3 Nc7 12.Bb2 c5 13.Rfe1 Qb8 14.dxc5 Nxc5 15.Nd4 a5
16.a3 Rc8 17.b4 axb4 18.axb4 Nd7 19.b5 Rxa1 20.Bxa1 Nc5 21.Qb1 dxc4 22.Bxb7 Qxb7
23.Nxc4 Nd5 24.Nc6 Ra8 25.Qc2 Bf8 26.Bd4 Nd7 27.Ra1 Rxa1+ 28.Bxa1 Bc5  1/2-1/2

[Event "CRO-Cup"]
[Site "Pula"]
[Date "1999.05.25"]
[Round "2"]
[White "Feletar, Darko"]
[Black "Kutuzovic, Branko"]
[Result "1/2-1/2"]
[WhiteElo "2376"]
[BlackElo "2465"]

1.c4 Nf6 2.g3 e6 3.Bg2 d5 4.Nf3 Be7 5.d4 O-O 6.O-O dxc4 7.Qa4 a6 8.Qxc4 b5
9.Qc2 Bb7 10.Bf4 Nc6 11.Rd1 Nb4 12.Qc1 Qc8 13.Bg5 c5 14.Bxf6 Bxf6 15.dxc5 a5
16.Na3 Bc6 17.Nc2 Ra7 18.Ncd4 Rc7 19.a3 Bxf3 20.axb4 Bxg2 21.Kxg2 Bxd4 22.Rxd4 axb4
23.Rxb4 Rxc5 24.Qe3 g6 25.Ra5 Qb7+ 26.Qf3 Qxf3+ 27.Kxf3 Rb8  1/2-1/2

[Event "Guillermo Garcia mem-A"]
[Site "Santa Clara"]
[Date "1999.05.30"]
[Round "6"]
[White "Gomez, Felix"]
[Black "Rivera, Alberto"]
[Result "1-0"]
[WhiteElo "2463"]
[BlackElo "2392"]

1.d4 Nf6 2.c4 e6 3.g3 d5 4.Bg2 Be7 5.Nf3 O-O 6.O-O dxc4 7.Na3 Bxa3 8.bxa3 Nc6
9.Bb2 Rb8 10.Qc2 b5 11.Rfd1 h6 12.Ne5 Ne7 13.a4 Bb7 14.Bxb7 Rxb7 15.axb5 Rxb5
16.Ba3 Re8 17.Qxc4 a6 18.Bxe7 Qxe7 19.a4 Rd5 20.Nc6 Qd7 21.Rd3 a5 22.Rc1 Qd6
23.f3 Rg5 24.Kf2 Nd5 25.e4 Nf4 26.Rdc3 Rh5 27.e5 Rxh2+ 28.Kg1 Rg2+ 29.Kf1 Qd7
30.gxf4 Rh2 31.R1c2 Rh4 32.Kf2 Rxf4 33.Ke3 Rh4 34.Rg2  1-0

[Event "Beersheba-Peterburg Kings m"]
[Site "St Petersburg"]
[Date "1999.06.09"]
[Round "5"]
[White "Mikhalevski, Victor"]
[Black "Khalifman, Alexander"]
[Result "1/2-1/2"]
[WhiteElo "2531"]
[BlackElo "2616"]

1.d4 Nf6 2.Nf3 d5 3.c4 e6 4.g3 Be7 5.Bg2 O-O 6.O-O dxc4 7.Qc2 a6 8.a4 Bd7
9.Qxc4 Bc6 10.Bg5 Bd5 11.Qc1 Nc6 12.e3 Nb4 13.Nc3 a5 14.Rd1 Rc8  1/2-1/2

[Event "CZE-ch"]
[Site "Lazne Bohdanec"]
[Date "1999.06.11"]
[Round "9"]
[White "Konopka, Michal"]
[Black "Haba, Petr"]
[Result "1/2-1/2"]
[WhiteElo "2480"]
[BlackElo "2545"]

1.Nf3 d5 2.d4 Nf6 3.c4 e6 4.g3 Be7 5.Bg2 O-O 6.O-O dxc4 7.Qc2 a6 8.Qxc4 b5
9.Qc2 Bb7 10.Bg5 Nbd7 11.Bxf6 Nxf6 12.Nbd2 Rc8 13.Nb3 Be4 14.Qc3 Nd5 15.Qd2 Bb4
16.Qd1 c5 17.dxc5 Bxc5 18.Nxc5 Rxc5 19.Rc1 Qc7 20.Rxc5 Qxc5 21.Qd4 Qxd4 22.Nxd4 Bxg2
23.Kxg2 Rc8 24.Rd1 Kf8 25.Rd2 Ke7 26.f4 Ne3+ 27.Kf3 Nf1 28.Rc2 Rxc2 29.Nxc2 Kd6
30.Kg2 Nd2 31.Kf2 Kc5 32.e3 Nc4 33.b3 Nd6 34.Ke2 Ne4 35.Kd3 Nf2+ 36.Kd2 Ne4+
37.Kd3 Nf2+  1/2-1/2

[Event "Beersheba-Peterburg Kings m"]
[Site "St Petersburg"]
[Date "1999.06.12"]
[Round "7"]
[White "Mikhalevski, Victor"]
[Black "Aseev, Konstantin N"]
[Result "1-0"]
[WhiteElo "2531"]
[BlackElo "2519"]

1.d4 Nf6 2.Nf3 e6 3.c4 d5 4.g3 Be7 5.Bg2 O-O 6.O-O dxc4 7.Qc2 a6 8.a4 Bd7
9.Qxc4 Bc6 10.Bg5 Bd5 11.Qc2 Be4 12.Qc1 a5 13.Nbd2 Bc6 14.Nc4 Bd5 15.Nfe5 Bxg2
16.Kxg2 h6 17.Bd2 Qxd4 18.Rd1 Ng4 19.Nxg4 Qxg4 20.f3 Qh5 21.g4 Qc5 22.Ra3 Bg5
23.Rb3 Bxd2 24.Nxd2 Qe5 25.Nc4 Qc5 26.Rxb7 Ra6 27.Rd3 Qc6 28.Rb5 Qa8 29.Qc3 Nc6
30.Rd7 Nb4 31.e4 c6 32.Rbb7 h5 33.gxh5 Na2 34.Qe5 Qe8 35.Nd6  1-0

[Event "Voronezh op 3rd"]
[Site "Voronezh"]
[Date "1999.06.13"]
[Round "2"]
[White "Kachar, Vladimir"]
[Black "Manelis, Vladimir"]
[Result "0-1"]
[WhiteElo "2390"]
[BlackElo "2235"]

1.d4 d5 2.c4 e6 3.Nf3 Nf6 4.g3 Be7 5.Bg2 O-O 6.O-O dxc4 7.Qc2 a6 8.Qxc4 b5
9.Qc2 Bb7 10.Bf4 Nc6 11.Nc3 Nb4 12.Qc1 Nbd5 13.Rd1 Nxc3 14.Qxc3 Nd5 15.Qc2 Rc8
16.e4 Nf6 17.Ng5 g6 18.Rac1 Nh5 19.Nf3 Nxf4 20.gxf4 Bd6 21.Ne5 Qh4 22.Qd2 Bxe5
23.dxe5 Rfd8 24.Qe3 Rxd1+ 25.Rxd1 Rd8 26.Rf1 Qe7 27.Rc1 Qb4 28.Bf3 Rd7 29.Rc2 a5
30.a3 Qd4 31.Kg2 Qxe3 32.fxe3 Kf8 33.Kf2 Ke7 34.Ke2 Kd8 35.Rc5 c6 36.b4 axb4
37.axb4 Kc7 38.h4 Rd8 39.h5 Ra8 40.Rc2 Ra4 41.Rb2 Kb6 42.Rd2 Rxb4 43.Rd7 Rb2+
44.Ke1 b4 45.Rxf7 b3 46.Rxh7 gxh5 47.f5 Rh2 48.Rd7 Bc8 49.Rd3 b2 50.Rb3+ Kc7
51.f6 Kd7 52.Rb8 h4 53.f7 Ke7 54.f8=Q+ Kxf8 55.Rxc8+ Ke7 56.Rb8 h3 57.Rb7+ Kd8
58.Kd1 Rf2 59.Ke1 Rc2 60.Bd1 Rg2 61.Kf1 Rd2  0-1

[Event "CCA ChessWise op"]
[Site "Stratton Mountain"]
[Date "1999.06.15"]
[Round "7"]
[White "Timoshenko, Georgy"]
[Black "Salman, Joel"]
[Result "1-0"]
[WhiteElo "2592"]
[BlackElo "2262"]

1.d4 Nf6 2.c4 e6 3.Nf3 d5 4.g3 Be7 5.Bg2 O-O 6.O-O c6 7.Qc2 Nbd7 8.b3 Ne4
9.Nbd2 f5 10.Bb2 Ndf6 11.Ne5 Nxd2 12.Qxd2 Ne4 13.Qc2 Bd7 14.Rad1 Be8 15.e3 Bh5
16.f3 Nf6 17.h3 Nd7 18.Nd3 g5 19.Qe2 Qc7 20.g4 Bg6 21.Ne5 Nxe5 22.dxe5 f4
23.Kh2 Rad8 24.h4 h6 25.h5 Bh7 26.Kh3 fxe3 27.Qxe3 Qb6 28.Qe2 d4 29.Rd3 Rf4
30.Bc1 Rdf8 31.Rfd1 c5 32.Bxf4 Rxf4 33.Bf1 Qc6 34.Kg3 Bd8 35.b4 Bxd3 36.Qxd3 Qe8
37.bxc5 Qf7 38.Kg2 Be7 39.c6 bxc6 40.Rb1 Bc5 41.Rb8+ Bf8 42.Ra8 Qg7 43.a4 c5
44.Qg6 Qxg6 45.hxg6 d3 46.Bxd3 Rd4 47.Be4 Rxc4 48.Rxa7 Rc3 49.Bc6 c4 50.Bd7 Rc2+
51.Kg1  1-0

[Event "Vidmar mem 13th"]
[Site "Portoroz"]
[Date "1999.06.22"]
[Round "9"]
[White "Beliavsky, Alexander G"]
[Black "Stohl, Igor"]
[Result "1/2-1/2"]
[WhiteElo "2650"]
[BlackElo "2573"]

1.d4 Nf6 2.c4 e6 3.g3 d5 4.Bg2 Be7 5.Nf3 O-O 6.O-O dxc4 7.Qc2 a6 8.a4 Bd7
9.Rd1 Bc6 10.Nc3 Bxf3 11.Bxf3 Nc6 12.Bxc6 bxc6 13.a5 Qb8 14.Qa4 c5 15.Qxc4 cxd4
16.Rxd4 c5 17.Rd3 Qb4 18.Ra4 Qb7 19.Ra3 Qb4 20.Ra4 Qb7 21.Ra3 Qb4 22.Qa2 Rab8
23.Ra4 Qb7 24.Rc4 Rfd8 25.Rxd8+ Rxd8 26.Qa4 h6 27.Be3 Nd7 28.Qc2 Ne5 29.Ra4 Nc6
30.Ne4 Nb4 31.Qb1 Qd5 32.Ra1 Qc4 33.Nc3 Nd5 34.Nxd5 exd5 35.Qd1 d4 36.Bf4 Bd6
37.Bxd6 Rxd6 38.b3 Qb5 39.Qd3 Qxd3 40.exd3 Rd7 41.Rc1 Rb7  1/2-1/2

[Event "EUCup99 (Women)"]
[Site "Nova Gorica"]
[Date "1999.06.28"]
[Round "1"]
[White "Macek, Vlasta"]
[Black "Zakrevskaja, Daiva"]
[Result "1-0"]
[WhiteElo "2199"]
[BlackElo "2020"]

1.d4 d5 2.Nf3 e6 3.g3 Nf6 4.Bg2 Be7 5.c4 O-O 6.O-O Nbd7 7.Qc2 c6 8.Nbd2 Qc7
9.e4 dxe4 10.Nxe4 Nxe4 11.Qxe4 Nf6 12.Qe2 h6 13.Bf4 Bd6 14.Bxd6 Qxd6 15.Rfd1 Bd7
16.Ne5 Rfd8 17.Rd2 Rac8 18.Rad1 Be8 19.Qe3 b6 20.a3 Qc7 21.f4 c5 22.dxc5 Rxd2
23.Rxd2 Qxc5 24.Qxc5 Rxc5 25.b4 Rc7 26.Kf2 Kf8 27.Ke3 Ke7 28.Rd4 g5 29.Bf1 Nd7
30.Nxd7 Bxd7 31.Rd2 f6 32.h4 gxh4 33.gxh4 Rc8 34.Rg2 Kf7 35.Bd3 Rg8 36.Rxg8 Kxg8
37.Be4 Kf7 38.Kd4 Ke7 39.c5  1-0

[Event "Ljubljana op 10th"]
[Site "Ljubljana"]
[Date "1999.07.02"]
[Round "8"]
[White "Kozul, Zdenko"]
[Black "Gazarek, Danko"]
[Result "1-0"]
[WhiteElo "2585"]
[BlackElo "2335"]

1.d4 d5 2.c4 e6 3.Nf3 Nf6 4.g3 Be7 5.Bg2 O-O 6.O-O dxc4 7.Qc2 a6 8.a4 Bd7
9.Qxc4 Bc6 10.Bg5 a5 11.Nc3 Na6 12.Bxf6 Bxf6 13.e4 Nb4 14.Rfd1 b6 15.Qe2 Bb7
16.Rac1 c6 17.h4 Rc8 18.e5 Ba6 19.Qe1 Be7 20.Bf1 Bxf1 21.Qxf1 Qd7 22.b3 Qb7
23.Qe2 Rfd8 24.Qe4 Nd5 25.Ng5 Bxg5 26.hxg5 Qe7 27.Qg4 Nxc3 28.Rxc3 Qb4 29.Rcd3 Rd5
30.Kg2 Rcd8 31.Qh4 Qe7 32.Rc3 c5 33.Rh1 h6 34.dxc5 bxc5 35.gxh6 Qxh4 36.Rxh4 Rxe5
37.Rg4 g6 38.Rgc4 Rc8 39.g4 g5 40.f4 gxf4 41.Rxf4 Rc7 42.Kg3 Kh7 43.Rf6 Rd5
44.Kh4 Kg8 45.g5 Rd1 46.Rff3 Kh7 47.Kh5 Rh1+ 48.Rh3 Rd1 49.Rcd3 Rg1 50.Rdf3 Kg8
51.Rfg3 Rxg3 52.Rxg3 Rd7 53.Rf3 Kh8 54.Kg4 Kg8 55.Kf4 Rd5 56.Re3 Rf5+ 57.Kg4 Rd5
58.Kh5 Rd7 59.Re5 Rd5 60.Re3 Kh7 61.Rg3 Kg8 62.Kg4 Rd4+ 63.Kh5 Rd5 64.Rf3 Rd7
65.Rf6 Kh8 66.Kg4 Kg8 67.g6 fxg6 68.Rxg6+ Kh7 69.Kh5 Rd5+ 70.Rg5 e5 71.Rg7+ Kh8
72.Kg5 Rd3 73.Rb7 e4 74.Rb6 Rc3 75.Kf5 c4  1-0

[Event "Politiken Cup"]
[Site "Copenhagen"]
[Date "1999.07.04"]
[Round "2"]
[White "Nilssen, John Arni"]
[Black "Nielsen, Boerge Hjerrild"]
[Result "1-0"]
[WhiteElo "2326"]
[BlackElo "2142"]

1.d4 d5 2.c4 e6 3.Nf3 Nf6 4.g3 Be7 5.Bg2 O-O 6.O-O b6 7.Nc3 Bb7 8.cxd5 exd5
9.Ne5 Nbd7 10.Qa4 c5 11.Nxd7 Qxd7 12.Qxd7 Nxd7 13.Nxd5 Bxd5 14.Bxd5 Rad8
15.dxc5 Nxc5 16.Bf3 Bf6 17.Rb1 Rd7 18.Be3 Rfd8 19.Rfc1 Ne6 20.Bg4 Kf8 21.Kf1 Ke7
22.h4 h6 23.b3 Rd6 24.Rc2 R8d7 25.Kg2 Rc7 26.Rxc7+ Nxc7 27.Bf4 Rc6 28.Bf3 Rc3
29.Rd1 Ne6 30.Bd6+ Ke8 31.Be4 g6 32.e3 Be7 33.Be5 Rc8 34.f4 Bc5 35.Kf3 Ke7
36.g4 Rd8 37.Rxd8 Nxd8 38.h5 gxh5 39.gxh5 f6 40.Bc3 Ne6 41.b4 Bd6 42.Kg4 Ng7
43.Bd3 Bc7 44.Bc4 f5+ 45.Kh4 Kf8 46.Bd3 Bd8+ 47.Kh3 Nxh5 48.Bxf5 a5 49.bxa5 bxa5
50.Kg4 Nf6+ 51.Kf3 Nd5 52.Bd4 Nb4 53.a4 Nc6 54.Bc5+ Kf7 55.e4 Be7 56.Bb6 Bb4
57.Bd7 Ne7 58.f5 Bc3 59.Be3 h5 60.Bg5 Be5 61.Bd2 Bc7 62.Bc3  1-0

[Event "SVK-ch"]
[Site "Nove Zamky"]
[Date "1999.07.08"]
[Round "6"]
[White "Kaabi, Mejdi"]
[Black "Hacik, Radomir"]
[Result "1/2-1/2"]
[WhiteElo "2362"]
[BlackElo "2230"]

1.d4 d5 2.c4 e6 3.Nf3 Nf6 4.g3 Be7 5.Bg2 O-O 6.O-O Nbd7 7.Qc2 c6 8.Nbd2 Nb6
9.Rd1 Qc7 10.b3 c5 11.cxd5 Nfxd5 12.Ba3 Nd7 13.e4 Qa5 14.Nc4 Nb4 15.Qd2 Qc7
16.dxc5 a5 17.Rac1 Bxc5 18.Nd4 b6 19.Nb5 Qd8 20.Ne5 Qf6 21.Nxd7 Bxd7 22.e5 Qxf2+
23.Qxf2 Bxf2+ 24.Kxf2 Bxb5 25.Bxb4 axb4 26.Bxa8 Rxa8 27.Rc2 g5 28.Rd4 Ra5
29.Rxb4 Bd3 30.Rd2 Bb1 31.Rxb6 Bxa2 32.b4 Ra7 33.Rd8+ Kg7 34.Rbb8 Bd5 35.Rg8+ Kh6
36.h4 gxh4 37.gxh4 Kh5 38.Rg7 Kxh4 39.Rxh7+ Kg4 40.Ke3 Kf5 41.Rh5+ Kg6 42.Rbh8 Rb7
43.Rh4 Kf5 44.R4h5+ Kg6 45.Rh4 Kf5 46.R8h5+ Kg6 47.Kd3 Rxb4 48.Rh6+ Kg7 49.Rh7+ Kg6
50.Rxb4 Kxh7 51.Rf4 Kg7 52.Kd4 Bb3 53.Rg4+ Kf8 54.Kc5 Ke7 55.Rb4 Bd5 56.Ra4 f5
57.Rh4 Kf7 58.Rh6 Kg7 59.Rf6 Ba2 60.Kd4 Bb3 61.Ke3 Ba2 62.Kf4 Bc4 63.Kg5 Bd5
64.Rg6+ Kf7 65.Rh6 Ke7 66.Rh7+ Ke8 67.Ra7 Kd8 68.Rf7 Ke8 69.Rf6 Kd7  1/2-1/2

[Event "Bydgoszcz Bank Pocztowy op"]
[Site "Bydgoszcz"]
[Date "1999.07.12"]
[Round "1"]
[White "Grabarczyk, Miroslaw"]
[Black "Struk, Jerzy"]
[Result "0-1"]
[WhiteElo "2484"]
[BlackElo "2270"]

1.d4 d5 2.c4 e6 3.Nf3 Nf6 4.g3 Be7 5.Bg2 O-O 6.O-O dxc4 7.Qc2 a6 8.a4 Bd7
9.Qxc4 Bc6 10.Bg5 a5 11.Nc3 Nbd7 12.Qd3 h6 13.Bxf6 Nxf6 14.e4 b6 15.Qc2 Bb7
16.Rfd1 c6 17.Rac1 Bb4 18.Ne5 Rc8 19.Na2 Be7 20.Qb3 Nd7 21.Nxd7 Qxd7 22.Qxb6 Bg5
23.f4 Bd8 24.Qb3 Rb8 25.e5 Bc7 26.Qc4 Rfd8 27.Bxc6 Bxc6 28.Qxc6 Rxb2 29.Qxd7 Rxd7
30.Nc3 Bb6 31.Nb5 Rb4 32.Rc6 Bxd4+ 33.Kh1 Rxa4 34.Rd6 Rxd6 35.exd6 Ra1 36.Rxa1 Bxa1
37.d7 Bf6 38.Nc3 Kf8 39.Ne4 Bd8 40.Nc5 Ke7 41.Kg2 Kd6 42.Na4 Kxd7 43.Kf3 Kc6  0-1

[Event "Komercni Banka op"]
[Site "Pardubice"]
[Date "1999.07.18"]
[Round "3"]
[White "Konopka, Michal"]
[Black "Kulhanek, Tomas"]
[Result "1/2-1/2"]
[WhiteElo "2484"]
[BlackElo "2345"]

1.Nf3 Nf6 2.c4 e6 3.g3 d5 4.Bg2 Be7 5.d4 O-O 6.O-O dxc4 7.Qc2 a6 8.Qxc4 b5
9.Qc2 Bb7 10.Bg5 Nbd7 11.Bxf6 Nxf6 12.Nbd2 Rc8 13.Nb3 Bd6 14.Rfd1 Qe7 15.Rac1 Be4
16.Qc3 Nd5 17.Qa5 Ra8 18.Nc5 e5 19.Nxe5 Bxg2 20.Kxg2 f6 21.Ned3 Qxe2 22.Re1 Qh5
23.Qa3 Kh8 24.Qb3 Qf5 25.Nb7 h5 26.Ndc5 h4 27.Qd3 Qg4 28.Kh1 Nb4 29.Qe4  1/2-1/2

[Event "White Rose Int 1st"]
[Site "Wakefield"]
[Date "1999.07.18"]
[Round "2"]
[White "Beaumont, Chris"]
[Black "White, Mark"]
[Result "1-0"]
[WhiteElo "2295"]
[BlackElo "2144"]

1.d4 Nf6 2.Nf3 e6 3.g3 d5 4.c4 Be7 5.Bg2 O-O 6.O-O c5 7.cxd5 exd5 8.Nc3 Nc6
9.Bg5 cxd4 10.Nxd4 h6 11.Be3 Re8 12.Rc1 Bf8 13.Nxc6 bxc6 14.Na4 Ng4 15.Bd4 Ba6
16.Bf3 Qd7 17.Qc2 Ne5 18.Bg2 Rac8 19.Bc5 Bb5 20.Bxf8 Bxa4 21.Qxa4 Rxf8 22.Rc2 Rb8
23.b3 Rb6 24.Rd2 Qb7 25.e4 Rb4 26.Qa5 Rb5 27.Qc3 Ng6 28.Rc1 Ne7 29.exd5 cxd5
30.Qe5 Nc6 31.Qd6 Nb4 32.a3 Rb6 33.Qc7 Na6 34.Qxb7 Rxb7 35.Bxd5 Re7 36.Rdc2 Rd8
37.Rc8 Rd7 38.Rxd8+ Rxd8 39.Bb7 Nb8 40.Rc7 Rd1+ 41.Kg2 Rd8 42.b4 Nd7 43.Ba6 Ne5
44.Rxa7 Rd2 45.h3  1-0

[Event "S&W Young Masters 9th"]
[Site "Witley"]
[Date "1999.07.21"]
[Round "6"]
[White "Kustanovich, Michael"]
[Black "Haslinger, Stewart"]
[Result "0-1"]
[WhiteElo "2237"]
[BlackElo "2267"]

1.d4 d5 2.c4 e6 3.g3 Nf6 4.Bg2 Be7 5.Nf3 O-O 6.O-O dxc4 7.Nbd2 b5 8.a4 c6
9.Qc2 Na6 10.b3 Nb4 11.Qb2 Ba6 12.Ne5 Nfd5 13.bxc4 bxc4 14.Nexc4 c5 15.e4 Nb6
16.Nxb6 axb6 17.Nb3 Rc8 18.dxc5 bxc5 19.Bd2 Bxf1 20.Bxf1 Nd3 21.Qc2 c4 22.Nc1 Nxf2
23.Bc3 Bc5  0-1

[Event "Dutch Open"]
[Site "Dieren"]
[Date "1999.07.23"]
[Round "4"]
[White "Van Beek, Lucien"]
[Black "Van den Doel, Erik"]
[Result "0-1"]
[WhiteElo "2326"]
[BlackElo "2528"]

1.Nf3 Nf6 2.c4 e6 3.g3 d5 4.d4 Be7 5.Bg2 O-O 6.O-O dxc4 7.Qc2 a6 8.a4 Bd7
9.Qxc4 Bc6 10.Bf4 Nbd7 11.Rc1 a5 12.Nc3 Nb6 13.Qb3 Bb4 14.Qc2 Rc8 15.Nb5 Bxf3
16.Bxf3 c6 17.Na3 Qxd4 18.e4 Qd8 19.Qb3 Qe7 20.Nc2 Bc5 21.Ne1 Nfd7 22.Bd2 Ra8
23.Bc3 Qd6 24.Rd1 Qc7 25.Nd3 Bd6 26.Rd2 e5 27.Rad1 Rfe8 28.Kg2 Nf6 29.g4 Nfd7
30.g5 Nf8 31.Bg4 Ng6 32.Bh5 Nf8 33.f4 exf4 34.Ne1 Be5 35.Bxf7+ Qxf7 36.Qxb6 Bxc3
37.bxc3 Rxe4 38.Nf3 Qe6 39.Qxb7 Re2+ 40.Kf1 Re8  0-1

[Event "Komercni Banka op"]
[Site "Pardubice"]
[Date "1999.07.23"]
[Round "8"]
[White "Gretarsson, Helgi Ass"]
[Black "Sherbakov, Ruslan"]
[Result "1/2-1/2"]
[WhiteElo "2521"]
[BlackElo "2541"]

1.d4 d5 2.Nf3 e6 3.g3 Nf6 4.Bg2 Be7 5.c4 dxc4 6.Qa4+ Bd7 7.Qxc4 Bc6 8.O-O O-O
9.e3 Nbd7 10.Rd1 Rc8 11.Nc3 Nb6 12.Qd3 Bb4 13.Nb5 Be4 14.Qb3 a5  1/2-1/2

[Event "Biel MTO"]
[Site "Biel"]
[Date "1999.07.24"]
[Round "5"]
[White "Tukmakov, Vladimir B"]
[Black "Gruenfeld, Yehuda"]
[Result "1/2-1/2"]
[WhiteElo "2557"]
[BlackElo "2494"]

1.Nf3 Nf6 2.c4 e6 3.g3 d5 4.Bg2 Be7 5.d4 O-O 6.Qc2 c5 7.dxc5 Qa5+ 8.Nc3 Qxc5
9.cxd5 Nxd5 10.Bd2 Nc6 11.Rc1 Nf6 12.Qb1 Qb6 13.O-O Bd7 14.Be3 Qa6 15.Ng5 h6
16.Nge4 Nxe4 17.Nxe4 Qxe2 18.Bc5 Bxc5 19.Nxc5 Bc8 20.Nxb7  1/2-1/2

[Event "Biel MTO"]
[Site "Biel"]
[Date "1999.07.25"]
[Round "6"]
[White "Tukmakov, Vladimir B"]
[Black "Bagirov, Vladimir"]
[Result "1/2-1/2"]
[WhiteElo "2557"]
[BlackElo "2471"]

1.Nf3 d5 2.d4 Nf6 3.c4 e6 4.g3 Be7 5.Bg2 O-O 6.Qc2 dxc4 7.Nbd2 a6 8.Nxc4 Nc6
9.e3 b5 10.Nfe5 Nb4 11.Qe2 Nfd5 12.Na5 c5 13.Nac6 Nxc6 14.Nxc6 Qc7 15.Nxe7+ Qxe7
16.dxc5 Qxc5 17.Bd2 Bb7 18.Rc1 Qe7 19.O-O Rac8 20.a3 Qd7 21.Qd3 Rxc1 22.Rxc1 Rc8
23.b3 Rxc1+ 24.Bxc1 Qc6 25.Bb2 f6 26.h4 Qc5 27.e4 Ne7 28.Qd7 Kf7 29.Qxb7 Qc2
30.Bxf6 gxf6 31.Qxa6 Qxb3 32.Bf1 b4 33.Bc4 Qb1+ 34.Kh2 Qxe4 35.axb4 Nf5 36.Bd3 Qxb4
37.Qa7+ Kg6 38.h5+ Kh6 39.Bxf5  1/2-1/2

[Event "Glorney Cup U20"]
[Site "Bruges"]
[Date "1999.07.27"]
[Round "2"]
[White "Jirka, Jiri"]
[Black "Collins, Sam"]
[Result "1-0"]
[WhiteElo "2161"]
[BlackElo "2097"]

1.d4 d5 2.Nf3 Nf6 3.g3 e6 4.Bg2 Be7 5.c4 O-O 6.O-O Nbd7 7.Qc2 b6 8.cxd5 exd5
9.Bf4 c5 10.Nc3 a6 11.Rfd1 Bb7 12.dxc5 Bxc5 13.Nd4 Rc8 14.Qf5 g6 15.Qh3 Re8
16.Nb3 Qe7 17.Nxc5 Nxc5 18.Bg5 Nce4 19.Bxe4 dxe4 20.Qh4 Kg7 21.Rd7  1-0